Vista normal
Vista MARC
Entrada Topical Term
Número de registros utilizados en: 1
001 - CONTROL NUMBER
- control field: 40949
003 - CONTROL NUMBER IDENTIFIER
- control field: OSt
005 - DATE AND TIME OF LATEST TRANSACTION
- control field: 20211005170102.0
008 - FIXED-LENGTH DATA ELEMENTS
- fixed length control field: 211005|| aca||aabn | a|a d
040 ## - CATALOGING SOURCE
- Original cataloging agency: OSt
- Transcribing agency: OSt
150 ## - HEADING--TOPICAL TERM
- Topical term or geographic name entry element: Investigación
- General subdivision: Café
- Geographic subdivision: Colombia
670 ## - SOURCE DATA FOUND
- Source citation: Work cat.: (OSt)12637: Farfán Camacho, Maria Isabel, autor 28794, Impacto economico de la investigacion en café en colombia: el caso de la variedad colombia , 1999.